01140nam a2200229 a 450000100100000000500170001000800410002702000180006804000250008610000300011124500330014125000110017426000390018530000200022450000730024495201200031795201200043795201200055795201050067795201110078299900170089300003768120201002031112.0121115s2012 dr 000 0 spa d a9789945489200 aDO-SdBNPbspacBNPHU1 aPichardo, Náyila96414110aPsique /cNáyila Pichardo. a2a ed. aSanto Domingo :bSantuario,c2012. a95 p. ;c24 cm. aIncluye datos biográficos de la autora en la solapa de la cubierta 001054708DSaGRbGRcHDd2013-03-14iLF1l0o p37681-30r2020-06-25te. 3w2020-06-25yLFDSZPréstamo en sala 001054708DSaGRbGRcHDd2015-01-22iLF1l0o p37681-40r2020-06-25te. 4w2020-06-25yLFDSZPréstamo en sala 001054708DSaGRbGRcHDd2015-01-22iLF1l0o p37681-50r2020-06-25te. 5w2020-06-25yLFDSZPréstamo en sala 0010718PDaPDbPDcHDd2013-03-14iLF1l0o p37681-10r2020-06-25w2020-06-25yLFPDZNo se presta 0010718PDaPDbPDcHDd2013-03-14iLF1l0o p37681-20r2020-06-25te. 2w2020-06-25yLFPDZNo se presta c37171d37171